000 00565nam a22001937a 4500
005 20241214111635.0
008 241214b ||||| |||| 00| 0 eng d
040 _cAL
041 _aEnglish
082 _223
_a348.04
_bCHAI
100 _aTejinder Pal Singh Chawla
_9190941
245 _aIndian Civil Cases: Vol 74 2014(1)
260 _aChandigarh
_bICC Publications
_c2014
300 _a1056 p.
_bHB
_c24x15 cm
365 _a1061
_b₹2186.35
_c
_d₹2995.00
_e27%
_f28-11-2024
440 _aVolume 74
_9190942
650 _aCivil Laws
_9190943
942 _2ddc
_cBI
999 _c232893
_d232893